Biostatistical analysis / (Registro nro. 2739)

Detalles MARC
000 -CABECERA
Campo de control 00722cam a2200229 a 4500
005 - FECHA Y HORA DE LA ULTIMA TRANSACCION
Campo de control 20151114101045.0
008 - ELEMENTOS DE LONGITUD FIJA—INFORMACION GENERAL
Campo de control 980706s1999 nju b 001 0 eng
020 ## - ISBN
ISBN 013081542X (alk. paper)
040 ## - FUENTE DE CATALOGACIÓN
Agencia catalogadora original DLC
Agencia transcriptora DLC
Agencia Modificadora Co-BoIAvH
041 ## - IDIOMA
Código de idioma para texto/pista de sonido o título separado Inglés
044 ## - PAÍS DE PUBLICACIÓN
País de publicación Estados Unidos
082 00 - NUMERO DE CLASIFICACION DECIMAL DEWEY
Número de clasificación 570.15195
Número del ítem Z36b
100 1# - ASIENTO PRINCIPAL--NOMBRE PERSONAL
Nombre personal Zar, Jerrold H.,
Fechas asociadas con el nombre 1941-
9 (RLIN) 41968
245 10 - MENCION DE TITULO
Título Biostatistical analysis /
Mención de responsabilidad Jerrold H. Zar.
250 ## - MENCION DE EDICION
Mención de edición 4th ed.
260 ## - PUBLICACION, DISTRIBUCION, ETC. (PIE DE IMPRENTA)
Lugar de publicación, distribución, etc. Upper Saddle River, N.J. :
Nombre del editor, distribuidor, etc. Prentice Hall,
Fecha de publicación, distribución, etc. c1999.
300 ## - DESCRIPCION FISICA
Extensión 1 v. 700 páginas :
Otros detalles físicos ilustraciones. ;
Dimensiones 25 centímetros.
504 ## - NOTA DE BIBLIOGRAFIA, ETC.
Nota de bibliografía Incluye referencias bibliográficas e indice.
650 #0 - ASIENTO SECUNDARIO DE MATERIA - TERMINO TEMATICO
Término temático o nombre geográfico como elemento de entrada Biometría
9 (RLIN) 93
651 ## - ASIENTO SECUNDARIO DE MATERIA - NOMBRE GEOGRAFICO
Nombre geográfico Análisis bioestadístico
9 (RLIN) 41969
942 ## - ELEMENTOS ADICIONALES (KOHA)
Sistema de clasificación Dewey Decimal Classification
Tipo de ítem Libro
Existencias
Withdrawn status Lost status Sistema de Clasificación Damaged status No para préstamo Colección Inventariado Ubicación Permanente Ubicación actual Fecha de adquisición Fuente de Valor Valor Total Checkouts Número topográfico Inventario / Código de Barras Date last seen Ejemplar Price effective from Forma de adquisición Tipo de material
    Dewey Decimal Classification     General Inventariado 2017 Bogotá Bogotá 04/12/2012 Instituto 39000.00   LB-570.15195 Z36b 018067 04/12/2012 Ej. 1 04/12/2012   Libro